Statistiche per Elenca la formazione - Quiz n°41

Clicka qui per fare il quiz!

Statistiche generali

  • Questo quiz è stato fatto 11 volte
  • Il punteggio medio è 9 su 11

Statistiche sulle risposte

RuoloNazioneCalciatore% Corretto
AttaccanteArgentinaSergio Agüero
100%
DifensoreBelgioVincent Kompany
100%
CentrocampistaCosta d'AvorioYaya Touré
100%
CentrocampistaSerbiaAleksandar Kolarov
91%
AttaccanteArgentinaCarlos Tévez
91%
CentrocampistaPaesi BassiNigel de Jong
82%
DifensoreArgentinaPablo Zabaleta
82%
TrequartistaFranciaSamir Nasri
82%
DifensoreMontenegroStefan Savić
82%
PortiereRomaniaCostel Pantilimon
36%
CentrocampistaInghilterraJames Milner
18%

Distribuzione punteggi

Percentile per numero di risposta

Percentuale di utenti per punteggio

I tuoi punteggi nel tempo

Non hai fatto questo quiz